[Event "Olympiad-29"]
[Site "Novi Sad"]
[Date "1990.11.24"]
[Round "7"]
[White "Georgiev, Kiril"]
[Black "Ribli, Zoltan"]
[Result "1-0"]
[WhiteElo "2580"]
[BlackElo "2610"]
[Annotator "ChessBase"]
[PlyCount "113"]
[EventDate "1990.11.17"]
[EventType "team-swiss"]
[EventRounds "14"]
[EventCountry "YUG"]
[SourceTitle "TD"]
[Source "ChessBase"]
[SourceDate "1994.03.01"]
[SourceVersion "1"]
[SourceVersionDate "1994.03.01"]
[SourceQuality "1"]
[WhiteTeam "Bulgaria"]
[BlackTeam "Hungary"]
[WhiteTeamCountry "BUL"]
[BlackTeamCountry "HUN"]

1. d4 Nf6 2. c4 e6 3. Nc3 Bb4 4. e3 O-O 5. Bd3 c5 6. Nf3 d5 7. O-O dxc4 8. Bxc4
Nbd7 9. Qb3 a6 10. a4 Qe7 (10... Rb8 11. Rd1 Qc7 12. Bd2 b6 13. Rac1 Bb7 14.
Be2 Bxc3 15. Bxc3 Ne4 16. Be1 Bd5 17. Qa3 Qb7 18. Ne5 Nef6 19. Nxd7 Nxd7 20. f3
cxd4 21. e4 Bc6 22. Rxd4 {Portisch-Sax, Moskva 1990}) 11. Rd1 Rd8 (11... b6 12.
d5 $5 Bxc3 (12... exd5 13. Nxd5 Nxd5 14. Bxd5 Rb8 15. e4 $16) 13. d6 Qd8 14.
Qxc3 $14) 12. Bd2 Nb6 13. Be2 cxd4 14. exd4 h6 (14... Nbd5 $2 15. Bg5 $16) 15.
a5 $1 Nbd5 16. Ne5 Bd7 $5 17. Bf3 Bd6 $1 (17... Bc6 $2 18. Nxd5 Nxd5 19. Bxd5
Bxd2 20. Bxc6) (17... Rac8 18. Nxd5 Nxd5 19. Bxd5 Bxd2 20. Bxb7 $18) 18. Nxd5
exd5 19. Nxd7 $1 (19. Qxb7 $2 Rdb8 $19) (19. Bxd5 $1 Bxe5 20. dxe5 Nxd5 21.
Qxd5 Bg4 $19) 19... Qxd7 20. Rac1 Rac8 21. g3 $14 Ne4 22. Be3 (22. Qxd5 $2 Nxd2
) (22. Rxc8 Qxc8 23. Qxd5 Nxd2 $1) 22... Qb5 $5 23. Qxb5 axb5 24. Be2 Bb4 25.
Bxb5 Bxa5 26. Bd3 Bb6 27. h4 Nd6 28. b3 Ra8 29. Ra1 Rdc8 30. Kf1 Kf8 31. Ke2
Ke7 32. Ra4 $1 Rxa4 33. bxa4 Ra8 34. Rb1 Bc7 35. Bc2 $14 Rd8 (35... Ke6 $142)
36. g4 Ke6 37. Rc1 Bb6 38. Rb1 Ba5 39. Bf4 Rc8 40. Bd3 b6 41. Rc1 Rxc1 42. Bxc1
Bc3 43. Be3 Nc4 $6 (43... Kd7 $142 44. f3 Kc6 {P b5=}) (43... f5 $5 44. f3 fxg4
45. fxg4 g5 $5) 44. Bxc4 dxc4 45. d5+ $1 Kxd5 46. Bxb6 $14 Bd4 $1 (46... Kc6
47. Be3 $1 (47. Bd8 Kd7) 47... Kb7 48. h5 $1 (48. Bd2 $6 Bf6 49. h5 c3 $1 50.
Bf4 (50. Be1 c2 $1) 50... Kb6) 48... Ka6 49. Bd2 $1 Bd4 50. Bb4 Kb6 51. f3 {
P d2, c3}) 47. Bd8 (47. Bxd4 Kxd4 48. a5 (48. Kd2 c3+ 49. Kc2 Kc4 50. a5 Kb5
51. Kxc3 Kxa5 52. Kd4 Kb6 53. Ke5 Kc7 $10) 48... Kc5 49. Kd2 Kb5 50. Kc3 Kxa5
51. Kxc4 Kb6 52. Kd5 Kc7 $10) 47... c3 $1 (47... Kc5 48. Be7+ Kb6 49. Bb4 {
P f3, d2, e3}) 48. Kd3 $8 Bxf2 49. Kxc3 {[#]} Ke4 (49... f5 $1 50. gxf5 (50. g5
$2 Bxh4 $1 51. gxh6 Bxd8 52. h7 Bf6+) 50... Be1+ $1 51. Kd3 (51. Kb3 Ke5 52.
Be7 Kxf5 53. h5 (53. Bb4 Bxh4 54. a5 Bd8 55. a6 Bb6 56. Kc4 Ke6 $1 57. Bc5 Kd7
$1 58. Bxb6 Kc8 59. Ba7 h5 $10) 53... Ba5 54. Kc4 g6 55. Kb5 Bc7 56. hxg6 Kxg6
57. Bc5 h5 $1 $10) 51... Ke5 52. Ke2 Bb4 53. f6 $1 (53. a5 Bxa5 54. Bxa5 Kxf5
55. Kf3 g5 56. h5 g4+ {P g5=}) 53... gxf6 54. h5 $5 (54. a5 h5 $1 55. a6 Bc5 {
P d5-c6, f2-h4=}) 54... Kf5 55. Kd3 Kg5 56. Kc4 Be1 57. Be7 Ba5 58. Kb5 Bc7 59.
Bc5 $140 f5 $1) 50. Kc4 Be1 $8 (50... g6 51. a5 f5 52. gxf5 gxf5 53. Bb6 Bg3
54. a6 Bb8 55. Kc5 f4 56. Kc6 f3 57. Kb7 $18) 51. Be7 $1 Ke5 $2 (51... g6 $2
52. Bb4 Bf2 (52... Bxb4 53. Kxb4 f5 54. gxf5 gxf5 55. a5 Kd5 $8 56. h5 Kc6 57.
Kc4 f4 58. Kd4 Kb5 59. Ke4 Kxa5 60. Kxf4 Kb6 61. Kf5 Kc7 62. Kg6 Kd7 63. Kxh6
Ke7 64. Kg7 $18) 53. a5 f5 54. gxf5 gxf5 55. Bc5 $18) (51... f5 $1 52. gxf5
Kxf5 53. h5 (53. Bb4 $142 Bxb4 54. Kxb4 g5 55. hxg5 hxg5 56. a5 g4 57. a6 g3
58. a7 g2 59. a8=Q g1=Q $10) 53... g5 $1 54. hxg6 Kxg6 55. Bb4 Bg3 56. a5 h5
57. a6 Bb8 58. Bd6 Ba7 59. Bc5 Bb8 60. Kb5 (60. Bf2 Kg5 61. Kb5 h4 62. Bxh4+
Kxh4 63. Kb6 Bf4 $1 64. a7 Be3+ $10) 60... h4 61. Kc6 (61. Kb6 h3 62. Bg1 h2
63. Bxh2 Bxh2 64. a7 Bg1+ $10) 61... h3 62. Bg1 Ba7 $3 $10) 52. Bb4 $18 Bxb4 (
52... Bf2 53. a5 g6 (53... Ke6 54. Bc5 Bg3 55. a6 Bb8 56. Kb5 Kd7 57. Kb6 Kc8
58. Bf8) 54. a6 Ba7 55. Bc5 Bb8 56. Kb5 Kd5 57. Kb6 $18) 53. Kxb4 h5 (53... g6
54. g5 $1) (53... f6 $143 54. h5 $1) (53... g5 54. hxg5 hxg5 55. Kc3 $1 f5 56.
gxf5 g4 57. Kd2 Kxf5 58. a5) 54. gxh5 Kd6 55. Kc4 Kc6 56. Kd4 Kb6 57. Ke5 {
57... a5 58.h6! gh6 59. f6 a4 60. f7} 1-0

[Event "Berlin East DSV"]
[Site "Berlin East"]
[Date "1982.10.12"]
[Round "4"]
[White "Knaak, Rainer"]
[Black "Lukacs, Peter"]
[Result "1-0"]
[WhiteElo "2495"]
[BlackElo "2470"]
[Annotator "ChessBase"]
[PlyCount "85"]
[EventDate "1982.10.09"]
[EventType "tourn"]
[EventRounds "13"]
[EventCountry "DDR"]
[EventCategory "9"]
[SourceTitle "MCL"]
[Source "ChessBase"]
[SourceDate "1999.07.01"]
[SourceVersion "1"]
[SourceVersionDate "1999.07.01"]
[SourceQuality "1"]

1. d4 Nf6 2. c4 e6 3. Nc3 Bb4 4. e3 O-O 5. Bd3 d5 6. Nf3 c5 7. O-O dxc4 8. Bxc4
Nbd7 9. Qe2 b6 10. d5 Bxc3 11. dxe6 Ne5 12. exf7+ Kh8 13. bxc3 Bg4 14. e4 Qe7
15. Re1 b5 16. Bxb5 Nh5 17. Bc4 $5 Qf6 18. Bg5 $1 (18. Bd5) 18... Bxf3 19. Bxf6
Bxe2 20. Bd5 $1 gxf6 21. Bxa8 Bd3 $1 22. Bd5 Nf4 23. Re3 Ne2+ 24. Kh1 $14 c4
25. Re1 Nxc3 26. Bxc4 Nxe4 $5 (26... Bxc4 27. Rxc3 Bxa2 28. Ra1 $16) 27. Rxe4
Bxc4 28. f4 Nd3 29. Re8 Kg7 30. R1e3 Rxf7 31. Kg1 $5 (31. Rg3+ Kh6 32. Reg8
Nxf4) (31. f5 Rf8 $1) 31... f5 $2 (31... Nxf4 $2 32. R8e4 $1 Ne2+ 33. Kf2 Ba6
34. Ra4 Bb5 35. Rb4 Ba6 36. Ra3 $18) (31... Rb7 $2 32. R8e7+ $18) (31... a6 $1
$10 32. Rg3+ Kh6 33. Reg8 Nxf4 34. R3g4 Rc7 $1) 32. Rc8 $16 Rb7 33. h3 Ba6 34.
Rc6 Bb5 35. Rg3+ Kf7 $6 36. Rh6 Kf8 37. a4 $18 Bc4 38. Rf6+ Rf7 39. Rc6 Nxf4
40. Rc8+ Ke7 41. Rf3 Ne2+ 42. Kf2 Ba6 43. Rc7+ (43. Rc7+ Ke8 44. Rxf7 Kxf7 45.
Rxf5+ $18 {/\ Ra5}) 1-0

[Event "Khanty-Mansiysk FIDE GP (Women)"]
[Site "Khanty-Mansiysk"]
[Date "2014.04.15"]
[Round "6"]
[White "Ushenina, Anna"]
[Black "Muzychuk, Anna"]
[Result "1/2-1/2"]
[WhiteElo "2501"]
[BlackElo "2560"]
[Annotator "ChessBase Website"]
[PlyCount "121"]
[EventDate "2014.04.09"]
[EventType "tourn"]
[EventRounds "11"]
[EventCountry "RUS"]
[EventCategory "10"]
[SourceTitle "CBM 160"]
[Source "ChessBase"]
[SourceDate "2014.05.15"]
[SourceVersion "1"]
[SourceVersionDate "2014.05.15"]
[SourceQuality "1"]
[TimeControl "40/5400+30:1800+30"]
[WhiteClock "1:30:00"]
[BlackClock "1:30:00"]

1. d4 {[%emt 0:00:00]} Nf6 {[%emt 0:00:00]} 2. c4 {[%emt 0:00:00]} e6 {[%emt 0:
00:00]} 3. Nc3 {[%emt 0:00:00]} Bb4 {[%emt 0:00:00]} 4. e3 {[%emt 0:00:00]} O-O
{[%emt 0:00:45]} 5. Bd3 {[%emt 0:00:00]} c5 {[%emt 0:00:46]} 6. Nf3 {[%emt 0:
01:14]} d5 {[%emt 0:00:49]} 7. O-O {[%emt 0:00:08]} dxc4 {[%emt 0:00:44]} 8.
Bxc4 {[%emt 0:00:06]} Nbd7 {[%emt 0:00:23]} 9. a3 {[%emt 0:00:23]} cxd4 {
[%emt 0:01:08]} 10. axb4 {[%emt 0:00:07]} dxc3 {[%emt 0:00:03]} 11. bxc3 {
[%emt 0:00:30]} Qc7 {[%emt 0:00:58]} 12. Be2 {[%emt 0:00:24]} Nd5 {[%emt 0:06:
16]} 13. Bb2 {[%emt 0:02:34]} (13. Ba3 N7b6 14. Qd4 Qxc3 15. Qg4 Bd7 16. b5
Rfc8 17. Bd6 Nc4 18. Rfc1 Ncxe3 19. Rxc3 Nxg4 20. Rxc8+ Rxc8 21. h3 Nc3 22. Bf1
Nf6 23. Rxa7 Bxb5 24. Rxb7 Bc6 25. Rb8 Rxb8 26. Bxb8 Bxf3 27. gxf3 Ncd5 28. Kh2
Nh5 29. Bb5 Ndf4 30. Bd6 Ng6 31. Bc6 Nh4 32. Be7 f6 33. Bd6 Kf7 34. Bc7 g5 35.
Bb6 h6 36. Ba7 Nf4 37. Bb7 Ne2 38. Bb6 f5 39. Bc7 Kf6 40. Bd8+ Kg6 41. Bc7 Kf7
42. Be5 Ng6 {Potkin,V (2665)-Aleksandrov,A (2604) Nakhchivan 2013 0-1 (64)})
13... Nxc3 {[%emt 0:05:58]} 14. Qd2 {[%emt 0:04:22]} Nxe2+ {[%emt 0:00:52]} 15.
Qxe2 {[%emt 0:03:33]} b5 $146 {[%emt 0:24:03]} (15... Nb6 16. Rfc1 Qd8 17. Rd1
Bd7 18. Ne5 f6 19. Nxd7 Nxd7 20. Qb5 Rf7 21. Qxb7 Rb8 22. Qe4 Qe8 23. h3 Nf8
24. Ra5 Rc7 25. Ba3 Rd8 26. Rxd8 Qxd8 27. Rc5 Rd7 28. b5 Rd1+ 29. Kh2 Ra1 30.
Qb4 Ra2 31. f4 h6 32. Qc3 Kh7 33. Bb2 Qd1 34. Rc7 e5 35. fxe5 Ne6 36. Qc4 Rxb2
37. Qxe6 Rxg2+ 38. Kxg2 Qe2+ 39. Kg3 {1/2-1/2 (39) Korobov,A (2573)-Moiseenko,
A (2643) Moscow 2008}) 16. Qxb5 {[%emt 0:09:41]} Rb8 {[%emt 0:08:11]} 17. Qd3 {
[%emt 0:07:40]} Rd8 {[%emt 0:03:55]} 18. Qd4 $14 {[%emt 0:22:28][%csl Gd4,Rg7]
The duel of the Annas was a typical affair for Ushenina. She proved excellent
preparation, obtained a great advantage from the opening, and then spoilt it
by playing inaccurately and she let Muzychuk escape with a draw.} Nf6 {[%emt 0:
06:15]} 19. Qh4 {[%emt 0:09:22]} Qe7 {[%emt 0:01:13]} 20. Bxf6 {[%emt 0:11:22]}
Qxf6 {[%emt 0:00:28]} 21. Qxf6 {[%emt 0:00:26]} gxf6 {[%emt 0:00:01]} 22. Nd4 {
[%emt 0:00:26]} Bd7 {[%emt 0:07:27]} 23. Rxa7 {[%emt 0:08:17]} Rxb4 {[%emt 0:
00:33]} 24. h3 {[%emt 0:01:06]} e5 {[%emt 0:02:50]} 25. Nf3 {[%emt 0:02:42]}
Be6 {[%emt 0:01:06]} 26. Rfa1 {[%emt 0:00:40]} Rc8 {[%emt 0:05:23]} 27. Ra8 {
[%emt 0:00:15]} Rxa8 {[%emt 0:00:07]} 28. Rxa8+ {[%emt 0:00:07]} Kg7 {[%emt 0:
00:02]} 29. Rd8 {[%emt 0:00:49]} Rb2 {[%emt 0:01:02]} 30. Rd2 {[%emt 0:04:52]}
Rxd2 {[%emt 0:01:17]} 31. Nxd2 {[%emt 0:00:02]} Bd5 {[%emt 0:00:16]} 32. Kh2 {
[%emt 0:00:19]} Bc6 {[%emt 0:01:15]} 33. Kg3 {[%emt 0:00:20]} Bd5 {[%emt 0:00:
45]} 34. f3 {[%emt 0:00:58]} Kg6 {[%emt 0:00:24]} 35. Kg4 {[%emt 0:01:22]} Be6+
{[%emt 0:00:41]} 36. Kh4 {[%emt 0:00:23]} Bd5 {[%emt 0:00:39]} 37. e4 {[%emt 0:
03:24]} Be6 {[%emt 0:01:03]} 38. g4 {[%emt 0:00:20]} Bd7 {[%emt 0:01:14]} 39.
Nc4 {[%emt 0:01:24]} Bb5 {[%emt 0:01:13]} 40. Nd6 {[%emt 0:00:00]} Bd7 {
[%emt 0:00:00]} 41. Kg3 {[%emt 0:05:04]} Be6 {[%emt 0:07:47]} 42. Ne8 {[%emt 0:
01:59]} Bd7 {[%emt 0:00:15]} 43. Nc7 {[%emt 0:00:06]} Bc6 {[%emt 0:02:03]} 44.
Kh4 {[%emt 0:02:15]} Ba4 {[%emt 0:01:36]} 45. Nd5 {[%emt 0:00:18]} Bd1 {
[%emt 0:01:08]} 46. Kg3 {[%emt 0:00:39]} Bb3 {[%emt 0:01:58]} 47. Ne7+ {
[%emt 0:01:54]} Kg7 {[%emt 0:00:08]} 48. h4 {[%emt 0:00:48]} Kf8 {[%emt 0:02:
51]} 49. Nc6 {[%emt 0:01:04]} Kg7 {[%emt 0:00:42]} 50. Ne7 {[%emt 0:08:58]} Kf8
{[%emt 0:00:21]} 51. Nf5 {[%emt 0:00:09]} Be6 {[%emt 0:00:15]} 52. Ne3 {
[%emt 0:00:33]} Kg7 {[%emt 0:00:28]} 53. h5 {[%emt 0:05:09]} Bd7 {[%emt 0:05:
31]} 54. Kf2 {[%emt 0:00:59]} Be6 {[%emt 0:00:58]} 55. Nd5 {[%emt 0:11:32]} Bd7
{[%emt 0:02:04]} 56. Ke3 {[%emt 0:00:08]} Ba4 {[%emt 0:01:10]} 57. Ne7 {
[%emt 0:00:28]} Bd7 {[%emt 0:00:54]} 58. Kd3 {[%emt 0:01:41]} Bb5+ {[%emt 0:01:
43]} 59. Ke3 {[%emt 0:00:08]} Bd7 {[%emt 0:00:04]} 60. Kd3 {[%emt 0:00:54]}
Bb5+ {[%emt 0:00:07]} 61. Ke3 {[%emt 0:00:29]} 1/2-1/2

[Event "Groningen PCA"]
[Site "Groningen"]
[Date "1993.??.??"]
[Round "5"]
[White "Gulko, Boris F"]
[Black "Lobron, Eric"]
[Result "1-0"]
[WhiteElo "2635"]
[BlackElo "2575"]
[Annotator "Dautov,R"]
[PlyCount "61"]
[EventDate "1993.12.??"]
[EventType "swiss"]
[EventRounds "11"]
[EventCountry "NED"]
[SourceTitle "CBM 039"]
[Source "ChessBase"]
[SourceDate "1994.04.01"]
[SourceVersion "1"]
[SourceVersionDate "1994.04.01"]
[SourceQuality "1"]

1. d4 Nf6 2. c4 e6 3. Nc3 Bb4 4. e3 O-O 5. Bd3 d5 6. a3 Bxc3+ 7. bxc3 dxc4 8.
Bxc4 c5 9. Nf3 b6 (9... Qc7 $1 10. Ba2 b6 {>=}) 10. O-O Bb7 11. Re1 Nbd7 (11...
Qc7 12. Bd3 Be4 13. Bxe4 Nxe4 14. Qd3 Qb7 15. Ne5 Rd8 16. f3 Nf6 17. e4 Nbd7
$10) 12. Bd3 Be4 (12... e5 $2 13. e4 $1 Qc7 14. Bg5 exd4 15. cxd4 cxd4 16. e5
Nd5 17. Rc1 Nc5 18. Nxd4 $16 {->Gulko-Hjartarson/Groningen PCA/1993}) (12...
Ne4 13. Bb2 Qc7 14. c4 Rac8 15. Qc2 Ndf6 16. Ne5 $14 {Kortschnoi-Ljubojevic/
Luzern ol/1982}) 13. Bxe4 {N} (13. Bf1 Qc7 14. Nd2 Bg6 (14... Bb7 15. Bb2 e5
16. e4 $14) 15. Bb2 e5 16. e4 Rad8 17. d5 Ne8 18. c4 $14 {Kortschnoi-Huebner/
Manila izt/1990}) 13... Nxe4 14. Qd3 f5 $6 (14... Nef6 15. e4 $14) (14... Ndf6
{>=} 15. c4 Qd7 16. Bb2 Rfd8 17. Rad1 Rac8 18. Ne5 Qb7 19. Qb3 $14) 15. c4 Qe7
16. Bb2 Rad8 (16... Ndf6 17. Ne5 Nd7 18. Nc6 Qd6 19. d5 $16) 17. a4 e5 (17...
a5 18. Qb3 $14) 18. Qc2 $1 (18. d5 Nd6 $10 (18... Nxf2 19. Kxf2 e4 20. Qc3 exf3
21. gxf3 $14)) 18... exd4 19. exd4 Qf7 (19... cxd4 20. Nxd4 {/\f3,Nxf5,Nc6} Qf7
(20... Qd6 $6 21. f3 $16) (20... Qf6 $2 21. f3 Nec5 22. Ne6 $16) 21. f3 (21.
Nxf5 Qxf5 22. Rxe4 Nc5 23. Re2 Qxc2 24. Rxc2 Nxa4 $10) 21... Nec5 22. Nc6 Rde8
23. Nxa7 Rxe1+ 24. Rxe1 Re8 25. Rd1 $16) 20. d5 Rfe8 21. Re3 Re7 22. Rae1 Rde8
23. Nd2 $16 {o^,/^a1-h8} Nd6 (23... Nxd2 24. Qxd2 h6 25. h3 Rxe3 26. Rxe3 Rxe3
27. Qxe3 a6 28. Qg3 f4 29. Qg4 $16) 24. Qd3 Rxe3 25. Rxe3 Rxe3 26. Qxe3 f4 (
26... a6 27. Qf4 $1 Qe7 28. h4 $16) 27. Qe2 Qf5 $4 (27... h6 {>=} 28. h4 a6 29.
Ne4 Nxe4 30. Qxe4 $16) 28. Qe7 $18 Nf7 29. Qe6 $1 g6 30. Qe8+ Nf8 31. Ne4 (31.
Ne4 Nd6 32. Qe7 Nf7 33. Nf6+ Kg7 34. Nd7+ $18) 1-0

[Event "Wch U20"]
[Site "Nakhchivan"]
[Date "2003.07.01"]
[Round "11"]
[White "Bachin, Vitaly"]
[Black "Erenburg, Sergey"]
[Result "0-1"]
[WhiteElo "2444"]
[BlackElo "2499"]
[Annotator "Erenburg,S"]
[PlyCount "156"]
[EventDate "2003.06.22"]
[EventType "swiss"]
[EventRounds "13"]
[EventCountry "AZE"]
[SourceTitle "CBM 096"]
[Source "ChessBase"]
[SourceDate "2003.09.25"]
[SourceVersion "1"]
[SourceVersionDate "2003.09.25"]
[SourceQuality "1"]

1. e4 c6 2. c4 d5 3. exd5 cxd5 4. d4 Nf6 5. Nc3 e6 6. Nf3 Bb4 7. Bd3 dxc4 8.
Bxc4 Nbd7 9. a3 $6 {Three days before Bachin played against Pantsulaia, where
continued 9.Qb3. Probably my opponent decided to get me out of preparation
with this move. Actually, in this variation 9.a3 can't be a good move, because
it is losing the tempo. Anyway black's main idea of this variation is to
capture on c3 at any moment.} (9. Bd3 O-O 10. O-O b6 11. Bg5 Bb7 12. Rc1 Rc8
13. Re1 Re8 14. Bh4 Nf8 15. Bb5 Re7 16. a3 Bxc3 17. bxc3 Ng6 18. Bg3 $6 (18.
Bxf6 gxf6 $11) 18... Ne4 $15 {0-1 Lanka,Z-Kortschnoj,V/Val Maubuee 1990/EXT 97
(56)}) (9. O-O O-O 10. Qb3 (10. Qe2 Bxc3 11. bxc3 Qc7 12. Bd2 b6 13. Bb3 (13.
Bd3 $5) 13... Bb7 14. h3 Ne4 15. Rac1 Nxd2 16. Nxd2 Rac8 $11 {1/2-1/2 Meister,
Y-Asrian,K/Moscow 2002/CBM 88 (35)}) 10... Be7 11. Rd1 Nb6 12. Bg5 Nxc4 13.
Qxc4 Bd7 14. d5 Nxd5 15. Bxe7 Qxe7 16. Nxd5 exd5 17. Qc7 $11 {1-0 Bachin,
V-Pantsulaia,L/WJun, Nakhchivan AZE 2003 (52)}) 9... Bxc3+ 10. bxc3 Qc7 11. Qb3
O-O 12. O-O b6 13. Be2 Bb7 14. c4 Rac8 {Black achieved everything he wanted
from the opening. All his pieces have occupied ideal positions in this
variation. Now black is ready to realize a typical plan for such positions- to
provide e6-e5, thus to get comfortable positions for his knights, as well,
weakening white's pawns.} 15. Bb2 Bxf3 $1 16. Qxf3 e5 17. Rfd1 (17. d5 Nc5 {
[%csl Gc5][%cal Yf6e8,Yf7f6,Ye8d6]}) 17... exd4 18. Rxd4 Rfe8 {With pawn
structure like this, every endgame is almost winning for black. Therefore,
black is interested in each exchanging, even in trading of queens. In spite of
white has pair of bishops, I would evaluate the position as a slightly better
for black, thanks to perfect positions of knights, they are going to occupy,
as well as thanks to weaknesses in the white camp.} 19. Bf1 Re6 20. Rad1 Rce8
21. h3 Nc5 22. Rf4 $6 Nfe4 23. h4 f6 {limiting the possibilities of white's
dark-squared bishop.} 24. Rd4 Qe7 25. g3 Nd6 26. Rd1 Nf7 27. g4 Re4 {Black
starts with the exchanges, which have to promise black an advantage.} 28. Rd5
Ne5 29. Qg3 Ng6 $2 {missing a much more attractive continuation.} ({Better was
} 29... Re1 $1 $17 {[%cal Ge5g6,Ye7e2]}) 30. Rxe4 Qxe4 $6 {After this move
black's advantage is still quite big, but the position is going to be more
complicated, that improves white's chances.} ({Safer was} 30... Nxe4 31. Qh2
Qe6 $17) 31. g5 Qb1 (31... Nxh4 32. gxf6 g6 $15 33. Qc7 $6 Nf3+ 34. Kh1 Ne5+) (
{Stronger was} 31... fxg5 32. Rxg5 (32. h5 Nh4) 32... Qc2 33. h5 Ne4 34. Qe3
Qxb2 35. hxg6 h6 $17) 32. Bc3 (32. Bd4 Re1 33. Qh3 Nf4 34. Qc8+ Kf7 35. Qc7+
Kg6 36. Qxf4 Rxf1+ $19) (32. h5 Qxb2 33. hxg6 hxg6 $15) (32. gxf6 Qxb2 33. h5
Qxf6 34. hxg6 Qxg6 $17) 32... Ne4 33. Qe3 Ne7 $6 {throws away the black's
advantage.} (33... Qc2 34. Bd4) (33... Qb3 $5 $15) 34. Rb5 (34. Rd7 Nf5 35. Qf3
Nxc3 $15) 34... Qc2 35. Bd4 $2 {Mistake, which gives back the advantage to
black.} ({After} 35. gxf6 $1 Qxc3 36. f7+ Kxf7 37. Qxe4 $11 {the chances are
approximately equal.}) 35... Nc6 ({Of course not} 35... Nf5 $4 36. Rxf5 Nd6 37.
Qd3) 36. gxf6 Nxf6 37. Qc3 Nxd4 38. Qxd4 Qe4 {The safest way to get the
advantage, while after} (38... Qc1 $5 {black's position is better as well.})
39. Qxe4 Nxe4 40. a4 Rc8 $1 $17 {Black's position is near to be winning,
thanks to a big amount of weaknesses in the white camp, in spite of white has
R+B vs R+N.} 41. Bh3 (41. a5 Rc5 $19) 41... Rc5 42. Be6+ Kf8 43. Rb3 Ke7 44.
Bd5 (44. Re3 Kxe6 (44... Nf6 $5) 45. Rxe4+ Re5 $19 {[%cal Ge5a5]}) 44... Nf6
45. Re3+ $6 (45. Rg3 g6 46. Re3+ $17 {gave white a little more chances.}) 45...
Kd6 46. Rg3 ({Nothing changes} 46. Re6+ Kd7 47. Re5 g6 (47... Ra5 $19) 48. Be6+
Kd6 49. Re3 Re5 $19) 46... g6 47. h5 (47. Rf3 Nxd5 48. cxd5 Ra5 49. Rf7 Rxa4
50. Rxh7 Kxd5 $19) 47... Nxh5 $19 48. Rf3 Rc7 49. Kf1 Kc5 50. Ke2 Kb4 51. Kd3
Ng7 ({Black would capture another pawn:} 51... Kxa4 52. Kc3 b5 $19) 52. Kc2 Nf5
53. Rb3+ Kc5 54. Kd3 Nd6 55. Rb1 Re7 56. Rh1 Ne8 57. a5 (57. Rb1 Nc7 58. Be4 a6
$19 {[%cal Yc7e6]}) 57... b5 58. Rc1 (58. Bg8 Nf6) 58... Nd6 59. Bg8 bxc4+ (
59... Nxc4 {wins as well.} 60. Bxc4 Rd7+) 60. Bxc4 Nxc4 61. Rxc4+ Kb5 $19 {
Black is two pawns up, so nothing can prevent from him to win the game.} 62.
Rc8 Kxa5 63. Rb8 Ka6 64. Kc4 Rc7+ 65. Kd5 Rb7 66. Rc8 Kb5 67. Rc5+ Kb4 68. Rc1
Rf7 69. Rb1+ Kc3 70. Ra1 a5 71. Ke4 Ra7 72. Rc1+ Kb2 73. Rc8 a4 74. Kd3 a3 75.
Kd2 Rd7+ 76. Ke2 Rb7 77. Kd2 a2 78. Rc2+ Ka3 0-1

[Event "Voskresensk"]
[Site "Voskresensk"]
[Date "1992.??.??"]
[Round "?"]
[White "Boguslawsky, Maxim"]
[Black "Kholmov, Ratmir D"]
[Result "0-1"]
[WhiteElo "2420"]
[BlackElo "2485"]
[Annotator "Ftacnik,L"]
[PlyCount "54"]
[EventDate "1992.??.??"]
[EventType "tourn"]
[EventRounds "11"]
[EventCountry "RUS"]
[EventCategory "9"]
[SourceTitle "CBM 031"]
[Source "ChessBase"]
[SourceDate "1992.12.01"]
[SourceVersion "1"]
[SourceVersionDate "1992.12.01"]
[SourceQuality "1"]

1. d4 Nf6 2. c4 e6 3. Nc3 Bb4 4. e3 d5 5. Nf3 c5 6. Bd3 dxc4 7. Bxc4 O-O 8. O-O
Nbd7 9. a3 cxd4 10. exd4 Bxc3 11. bxc3 Qc7 12. Qd3 e5 (12... b6 13. Ba2 Bb7 14.
Bg5 b5 15. Rfe1 Bd5 16. Bb1 Rfc8 $132 {Neverov,V-Krzywicki,D/Katowice op/1992/}
) 13. dxe5 (13. Qe2 exd4 14. cxd4 Nb6 15. Bb3 Nbd5 16. Ne5 Be6 17. Qf3 Qc3 18.
Bg5 Qxf3 19. Nxf3 Rac8 20. Rfe1 Rc3 {Maksimovic,S-Markovic,G/Cetinje tt/1990/})
13... Nxe5 14. Nxe5 Qxe5 15. f4 (15. Qg3 Qxg3 16. hxg3 Be6 $15 {Spassky,B-Tal,
M/Tbilisi m/1965/}) 15... Qa5 16. Qd4 (16. Be3 Bf5 17. Qd4 Rfe8 $36) 16... Re8
(16... Rd8 17. Qe5 $1) 17. Ba2 Re4 18. Qd2 Be6 $1 19. Bxe6 (19. Bb1 Rd8 20. Qb2
Rc4 $17) 19... Rxe6 20. Rb1 Rd8 21. Rb5 (21. Qc2 Qc7 $17) 21... Rxd2 22. Rxa5
Rc2 23. Rxa7 h5 24. Kh1 (24. Rxb7 Ree2 25. Rd1 Rxg2+ 26. Kf1 Ng4 $19) 24...
Ree2 25. Rg1 Ne4 26. h3 (26. h4 Nf2+ 27. Kh2 Nd3 $19) 26... Ng3+ 27. Kh2 Nf1+
$1 {Ftacnik,L} (27... Nf1+ $1 28. Kh1 (28. Rxf1 Rxg2+ 29. Kh1 Rh2+ 30. Kg1
Rcg2#) 28... Rxc1 $19) 0-1